Представление документа в формате RUSMARC

ПолеНазваниеЗначение
  Тип записи a
  Библиографический уровень m
001 Контрольный номер e666ece55d634367854d528234f8ad0a
005 Дата корректировки 20191010102655.4
010 Индекс ISBN __
a ISBN 978-5-17-109521-5
d Цена 153,00
101 Язык документа 0_
a Язык текста rus
102 Страна публикации __
a Страна публикации RU
200 Заглавие и сведения об ответственности 1_
a Заглавие Трудовой кодекс Российской Федерации
b Общее обозначение материала Текст
e Сведения, относящиеся к заглавию по состоянию на 01.07.2018 года
210 Выходные данные 1_
a Место издания Москва
c Издательство Издательство АСТ
d Дата издания 2018
215 Физическое описание __
a Объем 272с.
225 Серия 2_
a Серия Кодексы и законы
610 Ключевые слова 0_
a Ключевые слова Трудовое право
a Ключевые слова Трудовой кодекс РФ
686 Индексы других классификаций __
a Классификационный индекс 67.405
801 Источник записи _0
a Страна RU
b Организация РУК
g Правила каталогизации PSBO
801 Источник записи _1
a Страна RU
b Организация РУК
g Правила каталогизации PSBO
852 Данные о местонахождении __
i Авторский знак Т 78
j Шифр хранения 67.405
901 Тип документа __
t Тип документа m
937 Технологическая информация __
a Создатель записи (имя) Носкова
938 Служебная информация __
a Название организации Саранский филиал
938 Служебная информация __
a Название организации Владимирский филиал
952 Тип литературы __
c Вид литературы офиц. изд.